Adivina las películas por escenas #2 - Estadísticas

Estadísticas generales
  • Esta prueba ha sido intentada 4.660 veces
    4.152 desde el último reinicio
  • La puntuación promedio es 10 de 20
Estadísticas de respuestas
Imagen Hint Respuesta % Correcto
1990 Home Alone
92%
2025 Superman
88%
1975 Jaws
84%
2016 La La Land
72%
1968 Planet of the Apes
70%
1972 The Godfather
67%
2001 Spirited Away
63%
2002 Spider-man
61%
1998 The Parent Trap
53%
2009 Up
53%
1994 Dumb and Dumber
48%
1976 Taxi Driver
39%
1988 Die Hard
36%
2007 Transformers
35%
2004 The Notebook
34%
2007 Paranormal Activity
33%
1994 Pulp Fiction
33%
2005 King Kong
29%
1995 Braveheart
26%
1987 Predator
25%
No se encontraron pruebas coincidentes
Distribución de puntuación
Porcentaje de gente con cada puntuación
Porcentaje por número respondido
Historial de tus puntuaciones
No has intentado esta prueba desde el último reinicio